La enseñanza aprendizaje de ELE en Europa Oriental y los países bálticos

Salvato in:
Dettagli Bibliografici
Natura: Libro
Lingua:spagnolo
Pubblicazione: Berlin De Gruyter 2025
Edizione:1ª edición
Soggetti:
Tags: Aggiungi Tag
Nessun Tag, puoi essere il primo ad aggiungerne!!

MARC

LEADER 00000nam a2200000 4500
001 0312527
005 20251001090113.5
020 |a 978-3-11-133536-0 
041 0 |a spa 
044 |a DE 
245 1 0 |a La enseñanza aprendizaje de ELE en Europa Oriental y los países bálticos 
250 |a 1ª edición 
264 1 |a Berlin  |b De Gruyter  |c 2025 
300 |a 350 s. 
610 2 0 |a jazyky cudzie 
610 2 0 |a jazyk odborný 
610 2 0 |a španielčina 
610 2 0 |a vzdelávanie 
610 2 0 |a fonetika 
610 2 0 |a lexikológia